000 00640nam a2200193Ia 4500
003 GCL
008 140319s9999 xx 000 0 ara d
040 _aGCL /
_cGCL
082 0 4 _aط
_b813.0876
_bم م
100 1 _aمراد ابراهيم الدسوقى
245 1 0 _aاستخدام الاقمار الصناعية /
_cمراد ابراهيم الدسوقى
260 _a[S.N] :
_bدار الكتاب المصرى ،
_c1991
300 _a16 ص
490 _aموسوعة علوم الفضاء الميسرة
_v0
650 0 4 _aالقصص
650 0 4 _aقصص الاطفال
650 0 4 _aالقصص العلمية
942 _2ddc
_cBK
999 _c57295
_d57295